|
|
|
|
| LEADER |
01813nam a2200457 a 4500 |
| 001 |
000004119 |
| 003 |
CZ BrMZK |
| 005 |
20260331085452.0 |
| 007 |
ta |
| 008 |
010907s1994 xr a c e 001 0 cze d |
| 015 |
|
|
|a cnb000081208
|
| 020 |
|
|
|a 80-00-00415-1
|q (váz.) :
|c Kč 350,00
|
| 035 |
|
|
|a (OCoLC)33042801
|
| 040 |
|
|
|a ABA001
|b cze
|d BOA001
|
| 072 |
|
7 |
|a 821-93
|x Literatura pro děti a mládež (beletrie)
|2 Konspekt
|9 26
|
| 080 |
9 |
|
|a 980
|
| 080 |
9 |
|
|a 82-93
|
| 080 |
9 |
|
|a 908.7
|
| 080 |
9 |
|
|a 908.8
|
| 080 |
|
|
|a 970
|2 undef
|
| 100 |
1 |
|
|a Zelený, Mnislav,
|d 1943-
|7 jk01152402
|4 aut
|4 pht
|
| 245 |
1 |
0 |
|a Indiánská encyklopedie :
|b Indiáni tří Amerik : pro čtenáře od 12 let /
|c [text a] fotogr. Mnislav Zelený ; ilustr. Eva Smrčinová, Milan Fibiger, Petr Urban
|
| 250 |
|
|
|a 1. vyd.
|
| 260 |
|
|
|a Praha :
|b Albatros,
|c 1994
|e (Brno :
|f Spektrum)
|
| 300 |
|
|
|a 255 s. :
|b il. (převážně barev.) ;
|c 30 cm
|
| 500 |
|
|
|a Zkratky
|
| 500 |
|
|
|a Barev. mp. na předsádkách
|
| 500 |
|
|
|a Frontispis
|
| 500 |
|
|
|a Jmenný, názvový, věcný a zeměpisný rejstřík
|
| 653 |
0 |
|
|a Amerika
|a Indiáni
|a dějiny
|a indiánské kultury
|
| 655 |
|
7 |
|a publikace pro děti
|7 fd133156
|2 czenas
|
| 655 |
|
7 |
|a příručky
|7 fd133209
|2 czenas
|
| 655 |
|
7 |
|a encyklopedie
|7 fd132201
|2 czenas
|
| 700 |
1 |
|
|a Konečný, Václav,
|d 1947-
|7 jx20040610003
|4 art
|
| 700 |
1 |
|
|a Smrčinová, Eva,
|d 1948-
|7 jk01120150
|4 ill
|
| 700 |
1 |
|
|a Urban, Petr,
|d 1953-
|7 xx0022582
|4 ill
|
| 700 |
1 |
|
|a Fibiger, Milan,
|d 1966-
|7 jn19981001108
|4 ill
|
| 856 |
4 |
1 |
|u http://www.digitalniknihovna.cz/mzk/uuid/uuid:6f689e10-fb66-11e3-89c6-005056827e51
|y Digitalizovan dokument
|
| 910 |
|
|
|a BOA001
|b 4-1000.524
|b PK-N-0031.180
|
| 990 |
|
|
|a BK
|
| 996 |
7 |
|
|b 3119999426
|c PK-N-0031.180
|l MZK
|r Sklad / do 1 hodiny
|n 60
|w 000004119
|u 000020
|a 1
|e BOA001
|j MZK50
|s A
|